<?xml version="1.0" encoding="UTF-8"?><?xml-stylesheet type="text/xsl" href="static/style.xsl"?><OAI-PMH xmlns="http://www.openarchives.org/OAI/2.0/" xmlns:xsi="http://www.w3.org/2001/XMLSchema-instance" xsi:schemaLocation="http://www.openarchives.org/OAI/2.0/ http://www.openarchives.org/OAI/2.0/OAI-PMH.xsd"><responseDate>2026-04-27T20:19:14Z</responseDate><request verb="GetRecord" identifier="oai:uvadoc.uva.es:10324/7165" metadataPrefix="marc">https://uvadoc.uva.es/oai/request</request><GetRecord><record><header><identifier>oai:uvadoc.uva.es:10324/7165</identifier><datestamp>2021-06-18T09:32:17Z</datestamp><setSpec>com_10324_38</setSpec><setSpec>col_10324_787</setSpec></header><metadata><record xmlns="http://www.loc.gov/MARC21/slim" xmlns:doc="http://www.lyncode.com/xoai" xmlns:xsi="http://www.w3.org/2001/XMLSchema-instance" xmlns:dcterms="http://purl.org/dc/terms/" xsi:schemaLocation="http://www.loc.gov/MARC21/slim http://www.loc.gov/standards/marcxml/schema/MARC21slim.xsd">
<leader>00925njm 22002777a 4500</leader>
<datafield tag="042" ind1=" " ind2=" ">
<subfield code="a">dc</subfield>
</datafield>
<datafield tag="720" ind1=" " ind2=" ">
<subfield code="a">Puppo Martínez, María Eugenia</subfield>
<subfield code="e">author</subfield>
</datafield>
<datafield tag="260" ind1=" " ind2=" ">
<subfield code="c">2014</subfield>
</datafield>
<datafield tag="520" ind1=" " ind2=" ">
<subfield code="a">Jean Hélion expresó que toda la arquitectura está coloreada por el problema de la vivienda; pero&#xd;
¿cómo se formaliza la arquitectura doméstica contemporánea? Al ahondar en la búsqueda de una&#xd;
respuesta clara y rotunda se comprendió que era imposible definir una sola dirección. Esta&#xd;
investigación tiene como punto central la casa contemporánea y las maneras en que se formaliza la&#xd;
misma. No se puede entender la casa únicamente desde el punto de vista formal, ni tampoco de forma&#xd;
aislada según las concepciones ideológicas de las que parte.&#xd;
Las características que se van a estudiar darían lugar a exploraciones sobre los significados de flexible,&#xd;
abierto, dinámico, interactivo, portable, nunca terminado, mutable, etc. Estas nos llevarían a una&#xd;
aproximación de la propia naturaleza de la casa contemporánea. Se pretende comprender el&#xd;
fenómeno de la casa contemporánea, cuáles son sus referencias y cómo se proyecta y se construye.</subfield>
</datafield>
<datafield tag="024" ind2=" " ind1="8">
<subfield code="a">http://uvadoc.uva.es/handle/10324/7165</subfield>
</datafield>
<datafield ind1=" " ind2=" " tag="653">
<subfield code="a">Arquitectura doméstica-Siglo XX</subfield>
</datafield>
<datafield ind1=" " ind2=" " tag="653">
<subfield code="a">Arquitectura doméstica-Siglo XXI</subfield>
</datafield>
<datafield tag="245" ind1="0" ind2="0">
<subfield code="a">Direcciones de la arquitectura doméstica contemporanea. Morfología, fenomenología e ideología</subfield>
</datafield>
</record></metadata></record></GetRecord></OAI-PMH>